Pays où Try Again de Aaliyah fut un hit - Statistiques

Statistiques générales
  • Ce quiz a été pris 18 fois
  • Le résultat moyen est 11 sur 18
Statistiques - réponses
Position dans les charts Pays % Correct
1 États Unis
100%
26 France
100%
5 Canada
94%
19 Italie
94%
5 Royaume Uni
88%
5 Belgique
75%
5 Allemagne
69%
34 Irlande
69%
8 Australie
63%
5 Portugal
63%
3 Pays Bas
56%
5 Danemark
50%
8 Suisse
50%
15 Suède
44%
19 Autriche
38%
5 Islande
31%
5 Norvège
31%
13 Nouvelle Zélande
31%
Aucun quiz correspondant
Distribution des résultats
% des personnes avec chaque résultat
Percentile par nombre de réponses
Votre historique - résultats
Vous n’avez pas pris ce quiz